Geography Click Chain #6 - Statistics

General Stats
  • This quiz has been taken 50 times
  • The average score is 4 of 5
Answer Stats
Hint Answer % Correct
Which covers the country that starts with a C with the name… Cameroon
98%
Whose capital is… Yaoundé
93%
Gabon’s longest river is… Ogooué
86%
Which is considered an unlucky number in the region… East Asia
83%
Which is a capital that starts with a Y, one out of… 4
69%
No matching quizzes found
Score Distribution
Percent of People with Each Score
Percentile by Number Answered
Your Score History
You have not taken this quiz